Statistics for Irish Presidents

Click here to take the quiz!

General Stats

  • This quiz has been taken 110 times
  • The average score is 6 of 9

Answer Stats

Answer% Correct
Mary Robinson
86%
Michael Daniel Higgins
86%
Mary McAleese
80%
Douglas Hyde
75%
Éamon de Valera
75%
Erskine Hamilton Childers
55%
Seán Thomas O’Kelly
47%
Cearbhall Ó Dálaigh
43%
Patrick John Hillery
41%

Score Distribution

Percentile by Number Answered

Percent of People with Each Score

Your Score History

You have not taken this quiz